[Event "Rated Blitz game"]
[Site "?"]
[Date "2021.03.12"]
[Round "?"]
[White "xenta_absenta"]
[Black "erwinsyah77"]
[Result "0-1"]
[WhiteElo "2510"]
[BlackElo "2333"]
[PlyCount "66"]
[EventDate "2021.??.??"]
[EventType "blitz"]
[TimeControl "180"]

1. e4 e5 2. Nf3 Nc6 3. Nc3 Nf6 4. Nxe5 Nxe5 5. d4 Nc6 6. e5 Ng8 7. Bc4 d5 8.
Bxd5 Nge7 9. Bf3 Nxd4 10. O-O Nxf3+ 11. Qxf3 Ng6 12. Rd1 Qe7 13. Nd5 Qc5 14.
Be3 Qc6 15. b4 Nxe5 16. Qe4 Bd6 17. b5 Qc4 18. Rd4 Qxb5 19. f4 f5 20. c4 Qb2
21. Qb1 Qxb1+ 22. Rxb1 Nc6 23. Rdd1 b6 24. c5 bxc5 25. Kh1 O-O 26. Rbc1 Bb7 27.
Bxc5 Bxc5 28. Rxc5 Rad8 29. Rdc1 Rfe8 30. h3 Rd6 31. Nxc7 Re2 32. Nd5 Nd8 33.
Nc3 Rxg2 {Normal} 0-1

[Event "Rated Blitz game"]
[Site "?"]
[Date "2021.03.12"]
[Round "?"]
[White "MiguelThal"]
[Black "Esthyna"]
[Result "0-1"]
[WhiteElo "2376"]
[BlackElo "2503"]
[PlyCount "86"]
[EventDate "2021.??.??"]
[EventType "blitz"]
[TimeControl "180"]

1. e4 Nc6 2. Nc3 e5 3. Nf3 Nf6 4. Nxe5 Nxe5 5. d4 Ng6 6. e5 Ng8 7. Bc4 d5 8.
Bxd5 c6 9. Bb3 Be6 10. O-O N8e7 11. f4 Nf5 12. Ne2 Bxb3 13. axb3 h5 14. Qd3 Qd7
15. c3 Be7 16. Ng3 Nxg3 17. Qxg3 h4 18. Qf3 Qf5 19. Be3 O-O 20. Rae1 a5 21. Bc1
a4 22. bxa4 Rxa4 23. Qd1 Rfa8 24. Rf3 b5 25. d5 Bc5+ 26. Kh1 cxd5 27. Qxd5 Be7
28. Ref1 b4 29. c4 Ra1 30. c5 Rd8 31. Qc4 Rc8 32. c6 Qe6 33. Qxe6 fxe6 34. f5
Nxe5 35. Re3 Ng4 36. Rxe6 Bc5 37. h3 Ne3 38. Re1 Nxf5 39. R6e5 Ng3+ 40. Kh2 Bd6
41. Re8+ Rxe8 42. Rxe8+ Kf7 43. Re1 Ne2+ {Normal} 0-1

[Event "Rated Blitz game"]
[Site "?"]
[Date "2021.03.12"]
[Round "?"]
[White "Ebuhurejra"]
[Black "Zaplya"]
[Result "0-1"]
[WhiteElo "2437"]
[BlackElo "2444"]
[PlyCount "32"]
[EventDate "2021.??.??"]
[EventType "blitz"]
[TimeControl "180"]

1. e4 e5 2. Nf3 Nc6 3. Nc3 Nf6 4. Nxe5 Nxe5 5. d4 Ng6 6. e5 Ng8 7. Bc4 Bb4 8.
Qf3 Bxc3+ 9. bxc3 Qe7 10. O-O Nh6 11. Bxh6 gxh6 12. Qe3 Qg5 13. f4 Qg4 14. Rf3
h5 15. f5 Nh4 16. Rf4 Qxg2# {Normal} 0-1

[Event "Rated Blitz game"]
[Site "?"]
[Date "2021.03.12"]
[Round "?"]
[White "maximsnigurov"]
[Black "sutcunuri"]
[Result "0-1"]
[WhiteElo "2531"]
[BlackElo "2540"]
[PlyCount "40"]
[EventDate "2021.??.??"]
[EventType "blitz"]
[TimeControl "180"]

1. e4 e5 2. Nf3 Nc6 3. Nc3 Nf6 4. Nxe5 Nxe5 5. d4 Ng6 6. e5 Bb4 7. exf6 Qxf6 8.
Be3 d5 9. Bd3 c6 10. O-O O-O 11. Ne2 Bg4 12. f3 Rae8 13. Bf2 Bf5 14. Ng3 Bxd3
15. Qxd3 Nf4 16. Qb3 Bd6 17. Rae1 h5 18. h4 Qxh4 19. Ne4 Ne2+ 20. Rxe2 Qh2# {
Normal} 0-1

[Event "Rated Blitz game"]
[Site "?"]
[Date "2021.03.12"]
[Round "?"]
[White "xenta_absenta"]
[Black "elinflado"]
[Result "1-0"]
[WhiteElo "2516"]
[BlackElo "2448"]
[PlyCount "59"]
[EventDate "2021.??.??"]
[EventType "blitz"]
[TimeControl "180"]

1. e4 e5 2. Nf3 Nc6 3. Nc3 Nf6 4. Nxe5 Nxe5 5. d4 Ng6 6. e5 Be7 7. exf6 Bxf6 8.
Be3 O-O 9. Qd2 d5 10. O-O-O c6 11. h4 Nxh4 12. Bd3 Bf5 13. g3 Bxd3 14. Qxd3 Ng6
15. Qf5 Re8 16. Qh5 Nf8 17. g4 Qd7 18. g5 Bd8 19. Rh4 Ba5 20. Ne2 Re4 21. Rxe4
dxe4 22. Ng3 g6 23. Qh4 Re8 24. Nxe4 Bd8 25. Nf6+ Bxf6 26. gxf6 h5 27. Rg1 Qd5
28. Rg5 Re4 29. Rxd5 Rxh4 30. Rd8 {Normal} 1-0

[Event "Rated Blitz game"]
[Site "?"]
[Date "2021.03.12"]
[Round "?"]
[White "Pepeoutai"]
[Black "ValentineDay2590"]
[Result "1-0"]
[WhiteElo "2383"]
[BlackElo "2456"]
[PlyCount "57"]
[EventDate "2021.??.??"]
[EventType "blitz"]
[TimeControl "180+2"]

1. e4 e5 2. Nf3 Nc6 3. Nc3 Nf6 4. Nxe5 Nxe5 5. d4 Nc6 6. d5 Bb4 7. dxc6 Nxe4 8.
Qd4 Qe7 9. Be3 O-O 10. Bd3 Nxc3 11. bxc3 Bd6 12. cxd7 Bxd7 13. O-O c5 14. Qd5
Be6 15. Qh5 g6 16. Qh6 c4 17. Be4 f5 18. Bf3 Be5 19. Bd4 Bxd4 20. cxd4 Rad8 21.
c3 b6 22. Rfe1 Qf6 23. Re5 Bf7 24. Rae1 Rfe8 25. Qe3 Kf8 26. Qh6+ Kg8 27. Qc1
Rxe5 28. Rxe5 Qe7 29. Rxe7 {Normal} 1-0

[Event "Rated Blitz game"]
[Site "?"]
[Date "2021.03.12"]
[Round "?"]
[White "LeePalma"]
[Black "weresloth"]
[Result "0-1"]
[WhiteElo "2525"]
[BlackElo "2549"]
[PlyCount "40"]
[EventDate "2021.??.??"]
[EventType "blitz"]
[TimeControl "180"]

1. e4 e5 2. Nf3 Nc6 3. Nc3 Nf6 4. Nxe5 Nxe5 5. d4 Ng6 6. e5 Bb4 7. exf6 Qxf6 8.
Bd3 d5 9. O-O c6 10. Re1+ Be6 11. h4 Qxh4 12. Qf3 Qxd4 13. Qg3 O-O-O 14. Be3
Qe5 15. f4 Qf6 16. Bxa7 Nh4 17. f5 Bd6 18. Qf2 Nxf5 19. Rf1 g6 20. Bd4 Qxd4 {
Normal} 0-1

[Event "Rated Blitz game"]
[Site "?"]
[Date "2021.03.11"]
[Round "?"]
[White "kahvitauko"]
[Black "micfel"]
[Result "1-0"]
[WhiteElo "2403"]
[BlackElo "2408"]
[PlyCount "93"]
[EventDate "2021.??.??"]
[EventType "blitz"]
[TimeControl "180"]

1. e4 e5 2. Nf3 Nf6 3. Nc3 Nc6 4. Nxe5 Nxe5 5. d4 Ng6 6. e5 Ng8 7. Bc4 d5 8.
Bxd5 c6 9. Be4 Bb4 10. O-O N8e7 11. Ne2 O-O 12. c3 Ba5 13. f4 Bf5 14. Bf3 Nh4
15. Ng3 Nxf3+ 16. Qxf3 Qd5 17. Nxf5 Nxf5 18. Qd3 g6 19. g4 Ne7 20. f5 f6 21.
Bh6 fxe5 22. Bxf8 Rxf8 23. fxg6 Nxg6 24. Rxf8+ Kxf8 25. Rf1+ Kg8 26. Qf5 exd4
27. Qc8+ Bd8 28. Qxb7 d3 29. Qxa7 d2 30. Qd4 Qxd4+ 31. cxd4 Bb6 32. Rd1 Bxd4+
33. Kf1 Be3 34. Ke2 Bg5 35. a4 Ne5 36. a5 Nc4 37. a6 Nb6 38. h4 Bf4 39. Kf3 Bh6
40. g5 Bf8 41. Rxd2 Kf7 42. a7 Ke7 43. Rd3 Bg7 44. Rb3 Bd4 45. Rxb6 Bxb6 46.
a8=Q Bd4 47. Qxc6 {Normal} 1-0

[Event "Rated Blitz game"]
[Site "?"]
[Date "2021.03.11"]
[Round "?"]
[White "LeePalma"]
[Black "Ivanchucky1609"]
[Result "1-0"]
[WhiteElo "2488"]
[BlackElo "2475"]
[PlyCount "107"]
[EventDate "2021.??.??"]
[EventType "blitz"]
[TimeControl "180"]

1. e4 e5 2. Nf3 Nc6 3. Nc3 Nf6 4. Nxe5 Nxe5 5. d4 Ng6 6. e5 Ng8 7. f4 d6 8. Bc4
dxe5 9. fxe5 Be6 10. d5 Nxe5 11. Bb3 Bg4 12. Qd4 Bd6 13. O-O Nf6 14. Bf4 Nfd7
15. Bxe5 Nxe5 16. Rae1 O-O 17. Rxe5 Bxe5 18. Qxe5 Qd6 19. Qg5 Qg6 20. Qf4 Rae8
21. Qxc7 Qb6+ 22. Qxb6 axb6 23. h3 Bh5 24. Nb5 Rd8 25. c4 Bg6 26. Nc7 Rd7 27.
Nb5 Re8 28. Rf2 Bd3 29. Nd4 b5 30. Nxb5 Rc8 31. Rf4 f6 32. Rd4 Bg6 33. Nc3 Bf7
34. Ba4 Rdd8 35. b4 b6 36. Bb5 Kf8 37. Kf2 Be8 38. Ke3 Bxb5 39. Nxb5 Re8+ 40.
Kd2 Red8 41. Re4 Ra8 42. a3 Rac8 43. Kd3 g6 44. Kd4 Kf7 45. c5 bxc5+ 46. bxc5
Rb8 47. Kc4 Rd7 48. c6 Re7 49. Rxe7+ Kxe7 50. Kc5 Rc8 51. d6+ Kd8 52. d7 Ra8
53. Kd6 Ra6 54. Nd4 {Normal} 1-0

[Event "Rated Blitz game"]
[Site "?"]
[Date "2021.03.11"]
[Round "?"]
[White "DynamoTresen"]
[Black "TrickOrTreat"]
[Result "1-0"]
[WhiteElo "2478"]
[BlackElo "2464"]
[PlyCount "61"]
[EventDate "2021.??.??"]
[EventType "blitz"]
[TimeControl "180"]

1. e4 e5 2. Nf3 Nc6 3. Nc3 Nf6 4. Nxe5 Nxe5 5. d4 Ng6 6. e5 Ng8 7. f4 d5 8. Bd3
Nh6 9. O-O Ne7 10. h3 g6 11. g4 Bg7 12. Qf3 c6 13. Ne2 Qb6 14. c3 Bd7 15. Rf2
O-O-O 16. Ng3 Rhf8 17. b4 a6 18. a4 Qc7 19. f5 gxf5 20. gxf5 f6 21. e6 Be8 22.
Bf4 Qb6 23. a5 Qa7 24. Kh2 Rg8 25. Rg1 Bf8 26. Rfg2 Rxg3 27. Bxg3 b6 28. Ra1 b5
29. Rf1 Kb7 30. Qf4 Nhg8 31. Qc7+ {Normal} 1-0

[Event "Rated Blitz game"]
[Site "?"]
[Date "2021.03.11"]
[Round "?"]
[White "DynamoTresen"]
[Black "clnm08042015"]
[Result "1-0"]
[WhiteElo "2487"]
[BlackElo "2414"]
[PlyCount "93"]
[EventDate "2021.??.??"]
[EventType "blitz"]
[TimeControl "180"]

1. e4 e5 2. Nf3 Nc6 3. Nc3 Nf6 4. Nxe5 Nxe5 5. d4 Ng6 6. f4 d5 7. f5 Nxe4 8.
Nxe4 dxe4 9. fxg6 hxg6 10. Bc4 Bd6 11. Qe2 Qe7 12. Bd2 c6 13. O-O-O Be6 14.
Rde1 Bxc4 15. Qxc4 O-O-O 16. d5 c5 17. Rxe4 Qc7 18. h3 Kb8 19. Rhe1 Rh5 20. Re8
Re5 21. R8xe5 Bxe5 22. Rxe5 Ka8 23. Qe4 Qd7 24. b3 f5 25. Qe2 Qd6 26. c4 Qf6
27. Kc2 a6 28. Bc3 Ka7 29. Re8 Rxe8 30. Qxe8 Qd6 31. Qe3 f4 32. Qf2 g5 33. b4
b6 34. bxc5 bxc5 35. Bxg7 Qg6+ 36. Kb3 Qxg7 37. Qxc5+ Kb7 38. Qc6+ Kb8 39. Qb6+
Kc8 40. Qxa6+ Kb8 41. Qb6+ Kc8 42. c5 Qe5 43. Qe6+ Qxe6 44. dxe6 Kd8 45. c6 Ke7
46. c7 f3 47. gxf3 {Normal} 1-0

[Event "Rated Blitz game"]
[Site "?"]
[Date "2021.03.11"]
[Round "?"]
[White "kahvitauko"]
[Black "micfel"]
[Result "1/2-1/2"]
[WhiteElo "2409"]
[BlackElo "2403"]
[PlyCount "112"]
[EventDate "2021.??.??"]
[EventType "blitz"]
[TimeControl "180"]

1. e4 e5 2. Nf3 Nf6 3. Nc3 Nc6 4. Nxe5 Nxe5 5. d4 Ng6 6. e5 Ng8 7. Bc4 d5 8.
Bxd5 c6 9. Be4 N8e7 10. O-O Nf5 11. Ne2 h5 12. f4 h4 13. Qd3 Nge7 14. g4 hxg3
15. hxg3 g6 16. Bd2 Nd5 17. a3 Be6 18. c4 Nb6 19. b3 Qd7 20. Bc3 O-O-O 21. Rfd1
Be7 22. d5 cxd5 23. cxd5 Nxd5 24. Rac1 Kb8 25. Bd4 Nxd4 26. Nxd4 Bxa3 27. Nxe6
fxe6 28. Bxd5 exd5 29. Rc2 Qh3 30. Qf3 g5 31. f5 g4 32. Qg2 Qh5 33. Rxd5 Qxf5
34. Rxd8+ Rxd8 35. Qe2 Rh8 36. e6 Bc5+ 37. Rxc5 Qb1+ 38. Kf2 Rh2+ 39. Ke3 Qxb3+
40. Kd2 Qb2+ 41. Rc2 Rxe2+ 42. Kxe2 Qxc2+ 43. Ke3 Qc6 44. e7 Qe6+ 45. Kf4 Qxe7
46. Kxg4 Kc7 47. Kf4 Kd6 48. g4 Qe5+ 49. Kf3 Ke6 50. g5 Kf5 51. g6 Kxg6 52. Kf2
Kf5 53. Kg2 Kf4 54. Kf1 Qe3 55. Kg2 Kg4 56. Kf1 Kf3 {Normal} 1/2-1/2

[Event "Rated Blitz game"]
[Site "?"]
[Date "2021.03.11"]
[Round "?"]
[White "brunosten"]
[Black "heisenber_g"]
[Result "0-1"]
[WhiteElo "2463"]
[BlackElo "2429"]
[PlyCount "122"]
[EventDate "2021.??.??"]
[EventType "blitz"]
[TimeControl "180"]

1. e4 e5 2. Nf3 Nf6 3. Nc3 Nc6 4. Nxe5 Nxe5 5. d4 Ng6 6. e5 Bb4 7. exf6 Qxf6 8.
Be2 O-O 9. O-O c6 10. Ne4 Qd8 11. d5 Re8 12. Ng3 d6 13. a3 Ba5 14. b4 Bb6 15.
c4 c5 16. Bb2 Qh4 17. Rc1 Bd7 18. Bd3 Ne5 19. Bxe5 Rxe5 20. Qf3 Rae8 21. Nf5
Qf6 22. Ng3 Qxf3 23. gxf3 g6 24. f4 R5e7 25. f5 Kg7 26. fxg6 hxg6 27. Kg2 Re5
28. Rfd1 f5 29. f4 Re3 30. b5 Ba5 31. Rc2 Rh8 32. Re2 Rxe2+ 33. Bxe2 Rh4 34.
Bf3 Rxf4 35. Rc1 Rd4 36. Rc2 Kf6 37. Ne2 Rd3 38. Nf4 Rxa3 39. Re2 Rc3 40. Ne6
Rxc4 41. Nf8 Bxb5 42. Re6+ Kg5 43. Kg3 f4+ 44. Kh3 Rd4 45. Rxg6+ Kf5 46. Bg4+
Ke4 47. Rg5 Bf1+ 48. Kh4 Be1+ 49. Kh5 Kd3 50. Bf3 c4 51. Ne6 c3 52. Nxd4 Kxd4
53. Bd1 Bd3 54. Bc2 Bxc2 55. Rg4 Bd1 56. Kg6 Bxg4 57. Kg5 c2 58. Kxf4 c1=Q+ 59.
Kxg4 Qe3 60. Kf5 Qe5+ 61. Kg6 Qxd5 {Time forfeit} 0-1

[Event "Rated Blitz tournament kgJVAuID"]
[Site "?"]
[Date "2021.03.11"]
[Round "?"]
[White "sim13a"]
[Black "chicago_blitzer"]
[Result "0-1"]
[WhiteElo "2358"]
[BlackElo "2431"]
[PlyCount "70"]
[EventDate "2021.??.??"]
[EventType "blitz"]
[TimeControl "180+2"]

1. e4 e5 2. Nf3 Nc6 3. Nc3 Nf6 4. Nxe5 Nxe5 5. d4 Bb4 6. dxe5 Nxe4 7. Qd4 Bxc3+
8. bxc3 d5 9. Ba3 Be6 10. Bd3 f5 11. exf6 Qxf6 12. O-O Qxd4 13. cxd4 O-O-O 14.
f3 Nd6 15. Rfe1 Rhe8 16. Bxd6 Rxd6 17. Re5 Kd8 18. Rae1 g6 19. Kf2 Bf7 20. g4
Rb6 21. a4 Rb4 22. a5 Rxd4 23. Rxe8+ Bxe8 24. Rb1 b6 25. axb6 axb6 26. Kg3 Ra4
27. Bb5 Bxb5 28. Rxb5 Ra5 29. Rb1 Rc5 30. Rd1 Ke7 31. Rd2 Kf6 32. f4 Rc3+ 33.
Kh4 c6 34. Rf2 b5 35. f5 g5+ {Normal} 0-1

[Event "Rated Blitz game"]
[Site "?"]
[Date "2021.03.10"]
[Round "?"]
[White "PurgeDota"]
[Black "andresgv36"]
[Result "0-1"]
[WhiteElo "2220"]
[BlackElo "2401"]
[PlyCount "42"]
[EventDate "2021.??.??"]
[EventType "blitz"]
[TimeControl "180"]

1. e4 e5 2. Nf3 Nc6 3. Nc3 Nf6 4. Nxe5 Nxe5 5. d4 Ng6 6. e5 Bb4 7. exf6 Qxf6 8.
Qe2+ Qe7 9. h4 Qxe2+ 10. Bxe2 O-O 11. h5 Ne7 12. Bd2 Nf5 13. Nb5 Bxd2+ 14. Kxd2
c6 15. Bg4 Nh6 16. Nc7 Rb8 17. Bh3 d5 18. Rhe1 Bxh3 19. gxh3 Nf5 20. c3 Rfc8
21. Re5 Nd6 {Time forfeit} 0-1

[Event "Rated Blitz tournament u1k49I7S"]
[Site "?"]
[Date "2021.03.09"]
[Round "?"]
[White "championdemala"]
[Black "ChessHobbits99"]
[Result "1-0"]
[WhiteElo "2273"]
[BlackElo "2575"]
[PlyCount "75"]
[EventDate "2021.??.??"]
[EventType "blitz"]
[TimeControl "180+2"]

1. e4 e5 2. Nf3 Nf6 3. Nc3 Nc6 4. Nxe5 Bc5 5. Nf3 d5 6. exd5 Nxd5 7. d4 Bb4 8.
Bd2 O-O 9. Be2 Bxc3 10. bxc3 Re8 11. O-O Bf5 12. h3 Nb6 13. Bd3 Qd7 14. Re1 Na5
15. Ne5 Qc8 16. Qf3 Be6 17. Qh5 g6 18. Qh6 Bf5 19. Bg5 Nd5 20. Nxf7 Bxd3 21.
cxd3 Qf5 22. Ne5 Nxc3 23. Rac1 Nb5 24. a4 Nd6 25. Rxc7 Nf7 26. Rxf7 Qxf7 27.
Nxf7 Rxe1+ 28. Kh2 Nc6 29. Nd6 Nxd4 30. Bf6 Ne6 31. Qd2 Rb1 32. Qa2 Re1 33. Ne4
Kf7 34. Bc3 Rc1 35. Ng5+ Ke8 36. Qxe6+ Kd8 37. Nf7+ Kc7 38. Be5# {Normal} 1-0

[Event "Rated Blitz game"]
[Site "?"]
[Date "2021.03.09"]
[Round "?"]
[White "vladlitus"]
[Black "PJatoba"]
[Result "0-1"]
[WhiteElo "2413"]
[BlackElo "2415"]
[PlyCount "70"]
[EventDate "2021.??.??"]
[EventType "blitz"]
[TimeControl "180+2"]

1. e4 e5 2. Nc3 Nf6 3. Nf3 Nc6 4. Nxe5 Nxe5 5. d4 Nc6 6. d5 Bb4 7. dxc6 bxc6 8.
e5 Qe7 9. Qe2 Nd5 10. Bd2 a5 11. Nxd5 cxd5 12. c3 Bc5 13. f4 O-O 14. O-O-O Rb8
15. Be3 a4 16. Bxc5 Qxc5 17. a3 Rb6 18. Rd4 Ba6 19. Qd2 Bxf1 20. Rxf1 Rfb8 21.
Rb4 Rxb4 22. axb4 Rxb4 23. Kb1 Rb3 24. Rd1 c6 25. Ka2 Qc4 26. Qd4 Ra3+ 27. Kb1
Qa2+ 28. Kc2 Rb3 29. Rb1 a3 30. c4 dxc4 31. Qxd7 Rxb2+ 32. Rxb2 Qxb2+ 33. Kd1
Qb1+ 34. Ke2 Qe4+ 35. Kf2 Qxf4+ {Normal} 0-1

[Event "Rated Blitz game"]
[Site "?"]
[Date "2021.03.08"]
[Round "?"]
[White "VuskyM"]
[Black "LuisFlaquer"]
[Result "1-0"]
[WhiteElo "2390"]
[BlackElo "2412"]
[PlyCount "73"]
[EventDate "2021.??.??"]
[EventType "blitz"]
[TimeControl "180"]

1. e4 e5 2. Nf3 Nc6 3. Nc3 Nf6 4. Nxe5 Nxe5 5. d4 Ng6 6. e5 Ng8 7. Bc4 d6 8. f4
c6 9. O-O d5 10. Bd3 f5 11. exf6 Nxf6 12. f5 Ne7 13. Bg5 Neg8 14. Re1+ Kf7 15.
Ne2 Bd6 16. Bf4 Nh6 17. Be5 Bxf5 18. Rf1 g6 19. Ng3 Bxe5 20. dxe5 Nfg4 21. Nxf5
gxf5 22. Bxf5 Qb6+ 23. Kh1 Nf2+ 24. Rxf2 Qxf2 25. Qh5+ Ke7 26. Qg5+ Ke8 27. Bd3
Rg8 28. Qh5+ Kd7 29. Qh3+ Kc7 30. Rf1 Qd2 31. Bxh7 Raf8 32. Rg1 Rh8 33. Bd3 Nf5
34. Qg4 Qe3 35. Bxf5 Qxe5 36. Qg3 Qxg3 37. h3 {Time forfeit} 1-0

[Event "Rated Blitz game"]
[Site "?"]
[Date "2021.03.08"]
[Round "?"]
[White "xenta_absenta"]
[Black "nemesisaj"]
[Result "1-0"]
[WhiteElo "2425"]
[BlackElo "2409"]
[PlyCount "45"]
[EventDate "2021.??.??"]
[EventType "blitz"]
[TimeControl "180"]

1. e4 e5 2. Nf3 Nc6 3. Nc3 Nf6 4. Nxe5 Nxe5 5. d4 Ng6 6. e5 Ng8 7. Bc4 N8e7 8.
Qf3 d5 9. exd6 Be6 10. Bxe6 fxe6 11. dxe7 Bxe7 12. Be3 c6 13. O-O-O Qa5 14. Qg4
Qf5 15. Qxf5 exf5 16. d5 f4 17. Bd4 c5 18. Bxg7 Rg8 19. Bh6 O-O-O 20. g3 Bd6
21. Ne4 fxg3 22. hxg3 Be5 23. Nxc5 {Normal} 1-0

[Event "Rated Blitz game"]
[Site "?"]
[Date "2021.03.08"]
[Round "?"]
[White "VuskyM"]
[Black "LuisFlaquer"]
[Result "0-1"]
[WhiteElo "2401"]
[BlackElo "2400"]
[PlyCount "24"]
[EventDate "2021.??.??"]
[EventType "blitz"]
[TimeControl "180"]

1. e4 e5 2. Nf3 Nc6 3. Nc3 Nf6 4. Nxe5 Nxe5 5. d4 Nc6 6. d5 Nb8 7. e5 Qe7 8.
Qd4 d6 9. f4 Nbd7 10. Be3 dxe5 11. fxe5 Qxe5 12. O-O-O Bd6 {Normal} 0-1

[Event "Rated Blitz game"]
[Site "?"]
[Date "2021.03.08"]
[Round "?"]
[White "vladlitus"]
[Black "mostmodest"]
[Result "1/2-1/2"]
[WhiteElo "2417"]
[BlackElo "2473"]
[PlyCount "181"]
[EventDate "2021.??.??"]
[EventType "blitz"]
[TimeControl "180+2"]

1. e4 e5 2. Nc3 Nf6 3. Nf3 Nc6 4. Nxe5 Nxe5 5. d4 Ng6 6. e5 Ng8 7. Bc4 d5 8.
Bxd5 Bb4 9. Qf3 Qd7 10. Bxb7 Bxb7 11. Qxb7 Bxc3+ 12. bxc3 Rd8 13. Qxa7 Qc6 14.
O-O Ra8 15. Qc5 Qxc5 16. dxc5 N8e7 17. f4 h5 18. a4 Kd7 19. Be3 Nf5 20. Bd4 Kc6
21. g3 Rhd8 22. Rfd1 Nf8 23. a5 Ra6 24. Ra4 Ne6 25. Kf2 Kb5 26. Rb4+ Kc6 27.
Ra4 Nxc5 28. Rc4 Rxa5 29. Rd3 Rd5 30. h3 Ra2 31. Rd2 Ne7 32. Ke2 Nc8 33. g4
hxg4 34. hxg4 Nb6 35. Rxc5+ Rxc5 36. Bxc5 Kxc5 37. Kf3 Ra3 38. Rd3 Kc4 39. Ke4
Rxc3 40. Rd4+ Kc5 41. Rd8 Rxc2 42. Rg8 g6 43. Rg7 Kb4 44. Rxf7 c5 45. Rb7 Kb5
46. f5 gxf5+ 47. gxf5 Rc4+ 48. Kf3 Kc6 49. Rb8 Nd7 50. Re8 Rc3+ 51. Kf4 Rc1 52.
e6 Nf6 53. Rc8+ Kd6 54. Rd8+ Ke7 55. Rc8 Rf1+ 56. Ke5 Ng4+ 57. Ke4 Rc1 58. Rc7+
Kd6 59. Rd7+ Kc6 60. Rd2 Re1+ 61. Kf4 Nf6 62. Rd8 Nd5+ 63. Kg5 Rg1+ 64. Kh6 c4
65. Rc8+ Kb5 66. Rd8 Kc5 67. Rc8+ Kd4 68. Rd8 Ke5 69. Rxd5+ Kxd5 70. e7 Rg8 71.
Kh7 Ra8 72. Kg7 c3 73. f6 c2 74. f7 c1=Q 75. f8=Q Qg5+ 76. Kh7 Qh5+ 77. Kg7
Qe5+ 78. Kh7 Qe4+ 79. Kg7 Qg4+ 80. Kh7 Qh4+ 81. Kg7 Qg3+ 82. Kh7 Qd3+ 83. Kg7
Qd4+ 84. Kh7 Qd3+ 85. Kg7 Qc3+ 86. Kh7 Qc8 87. Kg7 Qe8 88. Qxe8 Rxe8 89. Kf7
Ra8 90. e8=Q Rxe8 91. Kxe8 {Normal} 1/2-1/2

[Event "Rated Blitz game"]
[Site "?"]
[Date "2021.03.08"]
[Round "?"]
[White "lederman"]
[Black "ARM__90_92"]
[Result "1-0"]
[WhiteElo "2430"]
[BlackElo "2483"]
[PlyCount "51"]
[EventDate "2021.??.??"]
[EventType "blitz"]
[TimeControl "180+2"]

1. e4 e5 2. Nf3 Nc6 3. Nc3 Nf6 4. Nxe5 Nxe5 5. d4 Nc6 6. e5 Ng8 7. Bc4 Bb4 8.
O-O Nge7 9. f4 O-O 10. f5 d5 11. Bd3 Nxd4 12. f6 Ng6 13. Bg5 Re8 14. Qh5 Rxe5
15. Rae1 Rxe1 16. Rxe1 Ne6 17. Bh4 gxf6 18. Rf1 Be7 19. Nxd5 c6 20. Nxf6+ Bxf6
21. Bxf6 Qf8 22. Kh1 Nef4 23. Rxf4 Be6 24. Rh4 h6 25. Bxg6 Qd6 26. Bd3 {Normal}
1-0

[Event "Rated Blitz game"]
[Site "?"]
[Date "2021.03.08"]
[Round "?"]
[White "lederman"]
[Black "Morgan727"]
[Result "0-1"]
[WhiteElo "2430"]
[BlackElo "2436"]
[PlyCount "34"]
[EventDate "2021.??.??"]
[EventType "blitz"]
[TimeControl "180+2"]

1. e4 e5 2. Nf3 Nc6 3. Nc3 Nf6 4. Nxe5 Nxe5 5. d4 Ng6 6. e5 Ng8 7. Bc4 Bb4 8.
O-O Bxc3 9. bxc3 N8e7 10. h4 h5 11. f4 d5 12. Be2 Nf5 13. c4 Ng3 14. Rf3 Nxe2+
15. Qxe2 Bg4 16. cxd5 Qxd5 17. f5 Nxh4 {Normal} 0-1

[Event "Rated Blitz game"]
[Site "?"]
[Date "2021.03.07"]
[Round "?"]
[White "lederman"]
[Black "extermo44"]
[Result "1-0"]
[WhiteElo "2421"]
[BlackElo "2459"]
[PlyCount "105"]
[EventDate "2021.??.??"]
[EventType "blitz"]
[TimeControl "180+2"]

1. e4 e5 2. Nf3 Nc6 3. Nc3 Nf6 4. Nxe5 Nxe5 5. d4 Nc6 6. e5 Bb4 7. exf6 Qxf6 8.
Be3 O-O 9. Be2 d5 10. O-O Bxc3 11. bxc3 Be6 12. Qd2 h6 13. a4 a5 14. Bf4 Qe7
15. Rfe1 Qd7 16. Bb5 Bf5 17. Re5 Rfe8 18. Rae1 Rxe5 19. Rxe5 Bg6 20. h3 Re8 21.
Rxe8+ Qxe8 22. Bxc7 Qe6 23. Kh2 Qd7 24. Bg3 Qf5 25. Bd3 Qf6 26. Qe2 Kh7 27. Qe3
Ne7 28. Qe5 Qxe5 29. Bxe5 Bxd3 30. cxd3 f6 31. Bc7 Nc6 32. g4 g5 33. Kg3 Kg6
34. f3 f5 35. Kf2 h5 36. Ke3 f4+ 37. Kd2 hxg4 38. hxg4 Kf6 39. Kc2 Ke7 40. Kb3
Kd7 41. Be5 Ke6 42. Bc7 Kd7 43. Bb6 Ke6 44. c4 Kd6 45. Kc3 Ke6 46. Bc7 Kd7 47.
Be5 Ke6 48. Bg7 Nb4 49. Bh6 Kf6 50. Bf8 Na2+ 51. Kb2 Nb4 52. Bxb4 axb4 53. Kb3
{Normal} 1-0

[Event "Rated Blitz game"]
[Site "?"]
[Date "2021.03.07"]
[Round "?"]
[White "lederman"]
[Black "extermo44"]
[Result "0-1"]
[WhiteElo "2422"]
[BlackElo "2458"]
[PlyCount "129"]
[EventDate "2021.??.??"]
[EventType "blitz"]
[TimeControl "180+2"]

1. e4 e5 2. Nf3 Nc6 3. Nc3 Nf6 4. Nxe5 Nxe5 5. d4 Nc6 6. e5 Bb4 7. exf6 Qxf6 8.
Be3 O-O 9. Be2 Ne7 10. O-O d5 11. h3 c6 12. Bg4 Nf5 13. Bxf5 Bxf5 14. Ne2 Bd6
15. Qd2 Rfe8 16. Rae1 Qg6 17. Bf4 Bxh3 18. Ng3 Bg4 19. c3 h6 20. f3 Bd7 21. Kf2
Qf6 22. Bxd6 Qxd6 23. Nh5 Qg6 24. Nf4 Qg5 25. g3 Rxe1 26. Rxe1 Re8 27. Rxe8+
Bxe8 28. Qe3 Kf8 29. a4 a5 30. b4 axb4 31. cxb4 Qe7 32. Qc3 Qd6 33. Nd3 f6 34.
a5 Bd7 35. Nc5 Bc8 36. Qd3 Kf7 37. Qe2 Qc7 38. Qd3 b6 39. axb6 Qxb6 40. Qc3 Bf5
41. Qd2 Qb5 42. Kg2 Qc4 43. Kf2 Qc2 44. Qxc2 Bxc2 45. Ke3 h5 46. Kd2 Bf5 47.
Ke3 g5 48. Kf2 Ke7 49. Ke3 h4 50. gxh4 gxh4 51. Kf4 h3 52. Kg3 Bc8 53. Nd3 Kd6
54. Nf4 Kc7 55. Nh5 Kb6 56. Nxf6 Kb5 57. Ng4 Kxb4 58. Ne5 c5 59. Nd3+ Kc4 60.
Nxc5 Kxd4 61. Nb3+ Ke3 62. f4 d4 63. Nc5 d3 64. Nxd3 Kxd3 65. f5 {Normal} 0-1

[Event "Rated Blitz game"]
[Site "?"]
[Date "2021.03.07"]
[Round "?"]
[White "SureDo"]
[Black "Papa_1960"]
[Result "0-1"]
[WhiteElo "2306"]
[BlackElo "2428"]
[PlyCount "134"]
[EventDate "2021.??.??"]
[EventType "blitz"]
[TimeControl "180+2"]

1. e4 e5 2. Nf3 Nc6 3. Nc3 Nf6 4. Nxe5 Nxe5 5. d4 Ng6 6. e5 d5 7. exf6 gxf6 8.
Be3 Be6 9. Qd2 Qd7 10. O-O-O O-O-O 11. Bd3 a6 12. Kb1 Bb4 13. a3 Ba5 14. b4 Bb6
15. Kb2 Rhe8 16. g3 Kb8 17. Kb3 Bf5 18. Na4 Ba7 19. Bxf5 Qxf5 20. Qd3 Qxd3+ 21.
cxd3 f5 22. Rhg1 Re6 23. Nc5 Bxc5 24. dxc5 Kc8 25. Bd4 Kd7 26. Rge1 Rde8 27.
Bc3 Rxe1 28. Rxe1 Rxe1 29. Bxe1 b5 30. cxb6 cxb6 31. a4 b5 32. a5 d4 33. f4 Ke6
34. Bf2 Kd5 35. Kc2 Nf8 36. Bg1 Nd7 37. Bf2 Nf6 38. h3 h5 39. Kd2 Ng8 40. Kc2
Ne7 41. Kb3 Nc6 42. Bg1 Ke6 43. Bf2 Kf6 44. Bg1 Kg6 45. Bf2 Kg7 46. Bg1 Kf8 47.
Bf2 Ke7 48. Bg1 Kd6 49. Bf2 Kd5 50. Bg1 Nd8 51. Bf2 Ne6 52. Kc2 Kd6 53. Bg1 Ke7
54. Bf2 Kf6 55. Bg1 Kg6 56. Bf2 h4 57. gxh4 Nxf4 58. Bxd4 Nxh3 59. Kd2 Nf4 60.
Be5 Nd5 61. Bd6 Kh5 62. Ke2 Kxh4 63. Kf3 Kg5 64. d4 Kf6 65. Bc5 Ke6 66. Bf8 Nf6
67. Kf4 Ne4 {Time forfeit} 0-1

[Event "Rated Blitz tournament VgttONuC"]
[Site "?"]
[Date "2021.03.07"]
[Round "?"]
[White "sloeber84"]
[Black "JohanDerksen"]
[Result "0-1"]
[WhiteElo "2248"]
[BlackElo "2552"]
[PlyCount "72"]
[EventDate "2021.??.??"]
[EventType "blitz"]
[TimeControl "180+2"]

1. e4 e5 2. Nf3 Nf6 3. Nc3 Nc6 4. Nxe5 Nxe5 5. d4 Nc6 6. d5 Ne5 7. f4 Ng6 8. e5
Ng8 9. d6 cxd6 10. exd6 Qb6 11. Nb5 Kd8 12. a4 a6 13. a5 Qc6 14. Nc7 Rb8 15.
Nd5 Bxd6 16. Be3 Bc5 17. f5 N6e7 18. Bf4 Bd6 19. c4 Bxf4 20. Nxf4 Qe4+ 21. Ne2
Nf6 22. Qd6 Nc6 23. O-O-O Re8 24. Nc3 Qe5 25. Qd3 Qe3+ 26. Qxe3 Rxe3 27. h3 h5
28. Rg1 h4 29. Nd5 Nxd5 30. cxd5 Nxa5 31. d6 b5 32. Kd2 Re5 33. Bd3 Rb6 34. g4
hxg3 35. Rxg3 Rc6 36. Rxg7 Nb3# {Normal} 0-1